000 00463cam a2200169ua 4500
020 _c10.00
041 _aeng
_h
082 _a307.14
_bCHA/SE
100 _aChaudhari, T.P.S .
245 _aSelected readings on community development /
_cT.P.S.Chaudhari.
_hTextual Documents
260 _aHyderabad :
_bNational Institute of Community Development ,
_c1967.
300 _a100 ; .
365 _a10.00
504 _a
942 _cBK
999 _c1637
_d1637